| 000 | 00348pab a2200145 454500 | ||
|---|---|---|---|
| 008 | 180718b2017 xxu||||| |||| 00| 0 eng d | ||
| 100 | _aHegde, S.N. | ||
| 245 | _aPerspectives of university autonomy | ||
| 260 | _c2017 | ||
| 300 | _ap.3-6. | ||
| 362 | _a25 Sep | ||
| 650 | _aEducational autonomy | ||
| 773 | _aUniversity News | ||
| 909 | _a116096 | ||
| 999 |
_c116090 _d116090 |
||